The moon (Record no. 7098)

MARC details
000 -LEADER
fixed length control field 00486nam a2200169Ia 4500
003 - CONTROL NUMBER IDENTIFIER
control field IN-BaIIA
008 - FIXED-LENGTH DATA ELEMENTS--GENERAL INFORMATION
fixed length control field 211028s9999 xx 000 0 eng d
020 ## - INTERNATIONAL STANDARD BOOK NUMBER
International Standard Book Number 0-521-23684-3
040 ## - CATALOGING SOURCE
Transcribing agency IIA Library
080 ## - UNIVERSAL DECIMAL CLASSIFICATION NUMBER
Universal Decimal Classification number 523.34
Item number CAD
100 ## - MAIN ENTRY--PERSONAL NAME
Personal name Cadogan, P. H.
9 (RLIN) 12162
245 #4 - TITLE STATEMENT
Title The moon
Remainder of title our sister planet
Statement of responsibility, etc. P. H. Cadogan
260 ## - PUBLICATION, DISTRIBUTION, ETC.
Place of publication, distribution, etc. Cambridge
Name of publisher, distributor, etc. Cambridge University Press
Date of publication, distribution, etc. 1981
300 ## - PHYSICAL DESCRIPTION
Extent viii, 391p.
650 ## - SUBJECT ADDED ENTRY--TOPICAL TERM
Topical term or geographic name entry element Moon
942 ## - ADDED ENTRY ELEMENTS (KOHA)
Koha item type Books
Holdings
Withdrawn status Lost status Damaged status Not for loan Home library Current library Shelving location Date acquired Total Checkouts Full call number Barcode Date last seen Price effective from Koha item type
        IIA Library-Bangalore IIA Library-Bangalore General Stacks 01/06/1982   523.34/ CAD 7880 05/11/2021 01/06/1982 Books

Powered by Koha